Powiaty w województwie podkarpackim - nagła śmierć - Statystyki

Ogólne statystyki
  • Ten quiz został rozwiązany 141 razy
    99 od ostatniego zresetowania
  • Średni wynik to 14 z 20
Answers on the Grid
Answers color-coded by a green-red scale on the quiz's grid according to % correct below.
bieszczadzki
biłgorajski
brzozowski
Chełm
chodzieski
człuchowski
dębicki
działdowski
elbląski
gorlicki
górowski
grodziński
jarosławski
jasielski
kętrzyński
kolbuszowski
krasnostawski
krośnieński
łańcucki
leski
leżajski
lipski
lubaczowski
mielecki
nakielski
namysłowski
nidzicki
niżański
niżański
opatowski
Piekary Śląskie
poddębicki
polkowicki
przemyski
przeworski
pszczyński
pucki
radomszczański
ropczycko-sędziszowski
rzeszowski
siemiatycki
sierpecki
słubicki
strzyżowski
tarnobrzeski
tarnowski
Toruń
węgrowski
wejherowski
Zamość
 
Statystyki odpowiedzi
Odpowiedź % Poprawnych
bieszczadzki
90%
rzeszowski
80%
dębicki
77%
przemyski
77%
jarosławski
73%
leżajski
73%
przeworski
73%
tarnobrzeski
73%
brzozowski
70%
jasielski
70%
łańcucki
70%
leski
70%
mielecki
70%
ropczycko-sędziszowski
70%
kolbuszowski
67%
krośnieński
67%
lubaczowski
67%
niżański
67%
strzyżowski
67%
niżański
63%
Nie znaleziono quizów pasujących do podanych kryteriów
Rozkład punktacji
Procent ludzi z każdym wynikiem
Percentyl według liczby udzielonych odpowiedzi
Twoja historia wyników
Nie rozwiązałeś tego quizu od ostatniego zresetowania